Climate change 2014: synthesis report (Record no. 37581)

MARC details
000 -LEADER
fixed length control field 00668nam a2200157 a 4500
008 - FIXED-LENGTH DATA ELEMENTS--GENERAL INFORMATION
fixed length control field 160105s2015 ||||||||||||||||| || u
050 ## - LIBRARY OF CONGRESS CALL NUMBER
Classification number UNEP(02)2015/2
110 ## - MAIN ENTRY--CORPORATE NAME
Corporate name or jurisdiction name as entry element United Nations Environment Programme (UNEP)
245 10 - TITLE STATEMENT
Title Climate change 2014: synthesis report
Statement of responsibility, etc. United Nations Environment Programme (UNEP)
260 ## - PUBLICATION, DISTRIBUTION, ETC.
Place of publication, distribution, etc. Geneva:
Name of publisher, distributor, etc. United Nations Environment Programme (UNEP)
Date of publication, distribution, etc. 2015
300 ## - PHYSICAL DESCRIPTION
Extent xvi,151p.: ill.
500 ## - GENERAL NOTE
General note Bibliography
650 ## - SUBJECT ADDED ENTRY--TOPICAL TERM
Topical term or geographic name entry element GREENHOUSE GASES--ENVIRONMENTAL ASPECTS
650 #0 - SUBJECT ADDED ENTRY--TOPICAL TERM
Topical term or geographic name entry element CLIMATE CHANGES
995 ## - RECOMMENDATION 995 [LOCAL, UNIMARC FRANCE]
-- CBU-MAIN LIBRARY (Kitwe)
-- 1
-- AVAILABLE
-- Jan 7, 2016
-- International Publications
Holdings
Withdrawn status Lost status Source of classification or shelving scheme Damaged status Not for loan Home library Current library Shelving location Date acquired Total Checkouts Full call number Barcode Date last seen Price effective from Koha item type
          CBU-MAIN LIBRARY, KITWE. CBU-MAIN LIBRARY, KITWE.   11/30/2022   UNEP(02)2015/2 B2094 11/30/2022 11/30/2022 MONOGRAPH